Statistics for Name these Richards

Click here to take the quiz!

General Stats

  • This quiz has been taken 63 times
  • The average score is 8 of 20

Answer Stats

Answer% Correct
Richard Nixon
100%
Richard Branson
77%
Richard Wagner
70%
Little Richard
68%
Richard Pryor
67%
Dick Cheney
58%
Rick Astley
47%
Richard Dawkins
42%
Dick Van Dyke
40%
Rick Perry
32%
Ric Flair
30%
Richard Strauss
30%
Richard Attenborough
23%
Richard E Grant
23%
Richard Osman
23%
Rick Sanchez
20%
Rick Grimes
18%
Richard III (York)
15%
R B Bennett
7%
Richard Seddon
5%

Score Distribution

Percentile by Number Answered

Percent of People with Each Score

Your Score History

You have not taken this quiz